[Event "ENG-ch Seniors 50"]
[Site "Solihull"]
[Date "2019.04.07"]
[Round "6"]
[White "Lawrence, Roy A"]
[Black "Pinto, Phil B"]
[Result "1/2-1/2"]
[WhiteElo "1615"]
[BlackElo "1600"]
[PlyCount "127"]
[EventDate "2019.04.04"]
[EventType "swiss"]
[EventRounds "6"]
[EventCountry "ENG"]
[SourceTitle "CBM 190 Extra"]
[Source "ChessBase"]
[SourceDate "2019.07.15"]
[SourceVersion "1"]
[SourceVersionDate "2019.07.15"]
[SourceQuality "1"]

1. d4 Nf6 2. Nf3 e6 3. g3 b6 4. Bg2 Bb7 5. 0-0 c5 6. e3 Be7 7. c4 Qc7 8. b3 0-0 9. Nc3 d5 10. Nb5 Qd7 11. Ne5 Qd8 12. Ba3 Nbd7 13. f4 Ne4 14. Qc2 Nxe5 15. dxe5 a6 16. Bxe4 dxe4 17. Rad1 Qc8 18. Nd6 Bxd6 19. Rxd6 Qc7 20. Rfd1 Rad8 21. Bb2 Rxd6 22. exd6 Qd7 23. Rd2 Rd8 24. Qd1 f6 25. g4 Bc6 26. h4 b5 27. h5 h6 28. Qe2 b4 29. Qg2 Qf7 30. Qg3 Kf8 31. g5 fxg5 32. fxg5 Qxh5 33. gxh6 g5 34. Bg7+ Kg8 35. Kg2 Qf3+ 36. Qxf3 exf3+ 37. Kg3 Kf7 38. Rh2 Kg6 39. Be5 Kh7 40. Kf2 Rf8 41. Rh1 Rf5 42. Bg3 Rf6 43. Rd1 Bd7 44. Rd5 Rf5 45. Rxf5 exf5 46. Kxf3 Kxh6 47. e4 Bc6 48. d7 fxe4+ 49. Ke3 Bxd7 50. Kxe4 Kg6 51. Kd5 Bf5 52. Kxc5 Bb1 53. Kxb4 Bxa2 54. c5 Kf6 55. c6 Ke6 56. c7 Kd7 57. Ka3 Bb1 58. b4 Bd3 59. Ka4 Kc8 60. Kb3 Bb5 61. Kc3 Bf1 62. Kd4 g4 63. Kc5 Bb5 64. Kd6 1/2-1/2

[Event "ENG-ch Seniors 50"]
[Site "Solihull"]
[Date "2019.04.04"]
[Round "1"]
[White "Dilleigh, Stephen P"]
[Black "Pinto, Phil B"]
[Result "1/2-1/2"]
[WhiteElo "1989"]
[BlackElo "1600"]
[PlyCount "42"]
[EventDate "2019.04.04"]
[EventType "swiss"]
[EventRounds "6"]
[EventCountry "ENG"]
[SourceTitle "CBM 190 Extra"]
[Source "ChessBase"]
[SourceDate "2019.07.15"]
[SourceVersion "1"]
[SourceVersionDate "2019.07.15"]
[SourceQuality "1"]

1. Nf3 Nf6 2. c4 e6 3. Nc3 d5 4. d4 c5 5. cxd5 exd5 6. g3 h6 7. Bg2 Nc6 8. 0-0 Be7 9. dxc5 Bxc5 10. a3 a5 11. Bf4 0-0 12. Rc1 Be6 13. Nb5 b6 14. Nbd4 Nxd4 15. Nxd4 Rc8 16. Qd3 Bg4 17. h3 Bh5 18. g4 Bg6 19. Nf5 Re8 20. Rcd1 Bxf5 21. gxf5 Qe7 1/2-1/2